[Event "Mundial Juvenil femenino 2005 s18"]
[Site "Belfort FRA"]
[Date "2005.07.23"]
[Round "5.11"]
[White "Vega Gutierrez, Sabrina"]
[Black "Choisy, Mathilde"]
[Result "1/2-1/2"]
[WhiteElo "2262"]
[BlackElo "2113"]
[PlyCount "71"]
[EventDate "2005.07.19"]
[EventType "swiss"]
[EventRounds "11"]
[EventCountry "FRA"]
[Source "lmi"]
[SourceDate "2005.07.31"]

1. e4 c5 2. Nf3 d6 3. d4 cxd4 4. Qxd4 Nc6 5. Bb5 Bd7 6. Bxc6 Bxc6 7. Nc3 Nf6 8.
Bg5 e6 9. O-O-O Be7 10. Rhe1 O-O 11. Kb1 a6 12. h4 h6 13. e5 dxe5 14. Qe3 Qc7
15. Nxe5 hxg5 16. hxg5 Nh7 17. f4 Rad8 18. Rxd8 Rxd8 19. Qh3 Nxg5 20. fxg5 Bxg5
21. Qh5 Bf6 22. Nxc6 Qxc6 23. Ne4 Kf8 24. Nxf6 gxf6 25. g4 Qd5 26. Qh6+ Ke7 27.
Rc1 Rc8 28. Rf1 Qg5 29. Qh1 Rc7 30. Qf3 Qe5 31. Rd1 Qb5 32. Qa3+ Qc5 33. Qd3
Qd5 34. Qa3+ Qc5 35. Qd3 Qd5 36. Qa3+ 1/2-1/2

[Event "Mundial Juvenil femenino 2005 s18"]
[Site "Belfort FRA"]
[Date "2005.07.23"]
[Round "5.15"]
[White "Estrada Gaspar, Nelly"]
[Black "Schneider, Veronika"]
[Result "1-0"]
[WhiteElo "1994"]
[BlackElo "2215"]
[PlyCount "75"]
[EventDate "2005.07.19"]
[EventType "swiss"]
[EventRounds "11"]
[EventCountry "FRA"]
[Source "lmi"]
[SourceDate "2005.07.31"]

1. f4 e5 2. fxe5 d6 3. exd6 Bxd6 4. Nf3 g5 5. g3 g4 6. Nh4 Nc6 7. c3 Nge7 8. d4
Ng6 9. Nxg6 hxg6 10. Qd3 f5 11. Bg2 Qf6 12. Nd2 Be6 13. d5 Ne5 14. Qd4 Bd7 15.
Nc4 Kf7 16. Nxd6+ cxd6 17. Be3 Rh5 18. O-O-O Qh8 19. Bg1 b6 20. Qb4 Qh6+ 21.
Kb1 g5 22. Rf1 Rc8 23. b3 Kg8 24. Qd4 Rf8 25. Be3 Ng6 26. h4 gxh3 27. Bf3 Ne5
28. Bxh5 Qxh5 29. Qd2 g4 30. Bh6 Re8 31. Rf2 Kh7 32. Bf4 Qg6 33. Qd4 Bb5 34.
Bxe5 Rxe5 35. e4 Qg5 36. exf5 Rxf5 37. Qe4 Bd7 38. Rhf1 1-0

[Event "Mundial Juvenil femenino 2005 s18"]
[Site "Belfort FRA"]
[Date "2005.07.23"]
[Round "5.16"]
[White "Maupin, Valerie"]
[Black "Swaminathan, Soumya"]
[Result "1/2-1/2"]
[WhiteElo "1996"]
[BlackElo "2166"]
[PlyCount "83"]
[EventDate "2005.07.19"]
[EventType "swiss"]
[EventRounds "11"]
[EventCountry "FRA"]
[Source "lmi"]
[SourceDate "2005.07.31"]

1. d4 Nf6 2. c4 g6 3. Nc3 Bg7 4. e4 d6 5. f4 O-O 6. Nf3 c5 7. d5 e6 8. Be2 exd5
9. cxd5 Bg4 10. O-O Re8 11. h3 Bxf3 12. Bxf3 h5 13. g4 hxg4 14. hxg4 Nh7 15. g5
f6 16. gxf6 Bxf6 17. e5 dxe5 18. d6 exf4 19. Bxf4 Bd4+ 20. Kg2 Nd7 21. Bd5+ Kh8
22. Rh1 Ndf6 23. Bf7 Nh5 24. Rxh5 gxh5 25. Qxh5 Rg8+ 26. Bxg8 Qxg8+ 27. Kf3 Qg7
28. Ne4 Rf8 29. Rh1 Be5 30. Rh4 Kg8 31. Rg4 Rxf4+ 32. Rxf4 Bxf4 33. Kxf4 Nf6
34. Qf5 Nxe4 35. Qxe4 Qf6+ 36. Ke3 Qxd6 37. Qxb7 a6 38. a3 Kf8 39. Ke4 Qe6+ 40.
Kd3 Qd6+ 41. Ke4 Qe6+ 42. Kd3 1/2-1/2

[Event "Mundial Juvenil femenino 2005 s18"]
[Site "Belfort FRA"]
[Date "2005.07.23"]
[Round "5.17"]
[White "Iza Abete, Amaia"]
[Black "Gilbert, Jessie"]
[Result "0-1"]
[WhiteElo "1992"]
[BlackElo "2151"]
[PlyCount "62"]
[EventDate "2005.07.19"]
[EventType "swiss"]
[EventRounds "11"]
[EventCountry "FRA"]
[Source "lmi"]
[SourceDate "2005.07.31"]

1. e4 c6 2. d4 d5 3. exd5 cxd5 4. c4 Nf6 5. Nc3 Nc6 6. Nf3 g6 7. cxd5 Nxd5 8.
Qb3 Nxc3 9. Bc4 Nd5 10. Bxd5 e6 11. Bxc6+ bxc6 12. O-O Qd5 13. Qc3 Ba6 14. Re1
Rb8 15. Ne5 Rb6 16. a3 Bb7 17. Qf3 Qxf3 18. Nxf3 a5 19. Ne5 Rb5 20. Bg5 Bg7 21.
Bf4 O-O 22. Re2 Rd8 23. Rd1 c5 24. Nc4 cxd4 25. Bc7 Rdd5 26. Bb6 a4 27. f4 d3
28. Red2 Rb3 29. Kf2 Ba6 30. Ne3 Rxb6 31. Nxd5 exd5 0-1

[Event "Mundial Juvenil femenino 2005 s18"]
[Site "Belfort FRA"]
[Date "2005.07.23"]
[Round "5.18"]
[White "Savurko, Alexandra"]
[Black "Mezioud, Amina"]
[Result "1-0"]
[WhiteElo "2138"]
[BlackElo "1984"]
[PlyCount "109"]
[EventDate "2005.07.19"]
[EventType "swiss"]
[EventRounds "11"]
[EventCountry "FRA"]
[Source "lmi"]
[SourceDate "2005.07.31"]

1. d4 d5 2. c4 e6 3. Nc3 Nf6 4. Bg5 c6 5. cxd5 exd5 6. Qc2 Be7 7. e3 O-O 8. Bd3
Nbd7 9. Nf3 h6 10. Bh4 b6 11. O-O Bb7 12. e4 dxe4 13. Nxe4 Rc8 14. Nxf6+ Nxf6
15. Bf5 Rc7 16. Rad1 Nh5 17. Bxe7 Qxe7 18. Rfe1 Qd6 19. Ne5 Nf4 20. Qe4 Nd5 21.
Qg4 Bc8 22. Bxc8 Rcxc8 23. a3 f5 24. Qh5 Kh7 25. Nc4 Qf6 26. Qe2 Rc7 27. Ne3
Rd7 28. Nc4 Nf4 29. Qd2 Ne6 30. Qc3 Nxd4 31. Rd3 c5 32. f4 g6 33. Ne5 Rd6 34.
Rde3 Kg7 35. Nc4 Rd7 36. Ne5 Rdd8 37. Nd3 Rf7 38. Ne5 Rc7 39. Rg3 g5 40. Qe3 g4
41. Qf2 h5 42. Rge3 b5 43. Kf1 Rd6 44. Rd3 Qd8 45. Red1 Qf6 46. b4 Rd8 47. bxc5
Ne6 48. Rxd8 Nxd8 49. Rd6 Ne6 50. c6 Qe7 51. Qd2 Nc5 52. Qd4 Ne6 53. Qd2 Nc5
54. Qd5 Ne4 55. Rg6+ 1-0

[Event "Mundial Juvenil femenino 2005 s18"]
[Site "Belfort FRA"]
[Date "2005.07.23"]
[Round "5.19"]
[White "Cochet, Caroline"]
[Black "Kazakevich, Anastasia"]
[Result "1-0"]
[WhiteElo "2136"]
[BlackElo "1960"]
[PlyCount "69"]
[EventDate "2005.07.19"]
[EventType "swiss"]
[EventRounds "11"]
[EventCountry "FRA"]
[Source "lmi"]
[SourceDate "2005.07.31"]

1. e4 c5 2. Nf3 e6 3. d3 Nc6 4. g3 d5 5. Nbd2 Nf6 6. Bg2 Be7 7. O-O O-O 8. e5
Nd7 9. Re1 Qc7 10. Qe2 b6 11. Nf1 Bb7 12. Bf4 d4 13. h4 Nb4 14. N1h2 Nd5 15.
Ng5 Nxf4 16. gxf4 Bxg2 17. Kxg2 Qc6+ 18. Kg3 g6 19. h5 Rac8 20. Qg4 Bxg5 21.
fxg5 Qd5 22. Qf4 c4 23. h6 cxd3 24. cxd3 Rc2 25. Ng4 f5 26. exf6 Rc5 27. b4 Rc3
28. Rad1 Kf7 29. Re4 e5 30. Nxe5+ Nxe5 31. Rxe5 Qxe5 32. Qxe5 Re8 33. Qd5+ Kf8
34. Qd7 Rec8 35. Qe7+ 1-0

[Event "Mundial Juvenil femenino 2005 s18"]
[Site "Belfort FRA"]
[Date "2005.07.23"]
[Round "5.20"]
[White "Hanova, Gulnar"]
[Black "Mar, Karmen"]
[Result "0-1"]
[WhiteElo "1988"]
[BlackElo "2134"]
[PlyCount "42"]
[EventDate "2005.07.19"]
[EventType "swiss"]
[EventRounds "11"]
[EventCountry "FRA"]
[Source "lmi"]
[SourceDate "2005.07.31"]

1. d4 d5 2. e3 Nf6 3. f4 Bf5 4. Nf3 Nbd7 5. Nbd2 e6 6. Be2 Be7 7. O-O c5 8. Ne5
Nxe5 9. fxe5 Nd7 10. Bh5 O-O 11. Bg4 Bg6 12. Bh5 Bxh5 13. Qxh5 f6 14. Rf3 Qe8
15. Qh3 Bd8 16. exf6 Bxf6 17. c3 e5 18. Nb3 cxd4 19. cxd4 exd4 20. exd4 Qe1+
21. Rf1 Bxd4+ 0-1

[Event "Mundial Juvenil femenino 2005 s18"]
[Site "Belfort FRA"]
[Date "2005.07.24"]
[Round "6.2"]
[White "Zawadzka, Jolanta"]
[Black "Savtchenko, Viktoria"]
[Result "1-0"]
[WhiteElo "2402"]
[BlackElo "2202"]
[PlyCount "75"]
[EventDate "2005.07.19"]
[EventType "swiss"]
[EventRounds "11"]
[EventCountry "FRA"]
[Source "lmi"]
[SourceDate "2005.07.31"]

1. e4 c5 2. Nf3 Nc6 3. d4 cxd4 4. Nxd4 g6 5. c4 Bg7 6. Be3 Nf6 7. Nc3 d6 8. Be2
O-O 9. Qd2 Bd7 10. O-O Nxd4 11. Bxd4 Bc6 12. f3 a5 13. b3 Nd7 14. Be3 Nc5 15.
Rab1 Qb6 16. Rfc1 Rfc8 17. Rc2 h5 18. Bf1 Qd8 19. a3 Kh7 20. b4 axb4 21. axb4
Na4 22. Nd5 Bxd5 23. exd5 Nb6 24. Rd1 Ra1 25. Rxa1 Bxa1 26. f4 Bg7 27. Be2 Ra8
28. h3 e6 29. dxe6 fxe6 30. Qd3 Ra1+ 31. Kh2 Kh6 32. Qe4 Nd7 33. Qxe6 Nf8 34.
f5+ Kh7 35. fxg6+ Kh8 36. Qf5 Ra8 37. Qxf8+ Bxf8 38. Bc1 1-0

[Event "Mundial Juvenil femenino 2005 s18"]
[Site "Belfort FRA"]
[Date "2005.07.24"]
[Round "6.4"]
[White "Pourkashiyan, Atousa"]
[Black "Morales Mendoza, Luciana"]
[Result "1-0"]
[WhiteElo "2261"]
[BlackElo "2149"]
[PlyCount "99"]
[EventDate "2005.07.19"]
[EventType "swiss"]
[EventRounds "11"]
[EventCountry "FRA"]
[Source "lmi"]
[SourceDate "2005.07.31"]

1. e4 e6 2. d4 d5 3. Bd3 dxe4 4. Bxe4 c5 5. Ne2 Nf6 6. Bf3 Nc6 7. Be3 cxd4 8.
Nxd4 Ne5 9. Be2 Be7 10. Nb5 Nd5 11. Bd4 Nc6 12. Bxg7 Rg8 13. Bh6 a6 14. N5c3
Nxc3 15. Nxc3 Qb6 16. O-O Qxb2 17. Qd3 Rg6 18. Rab1 Qa3 19. Bf4 Nb4 20. Qd2 Bd7
21. Bh5 Rg8 22. Bf3 Bc6 23. Bxc6+ bxc6 24. Rb3 Qa5 25. Ne4 Rg6 26. a3 Qf5 27.
Rxb4 e5 28. Ng3 Bxb4 29. Nxf5 Bxd2 30. Bxd2 Rd8 31. Bb4 Rd5 32. Re1 a5 33. c4
Rd3 34. Bxa5 Rxa3 35. Rxe5+ Kd7 36. Re7+ Kc8 37. Be1 Ra1 38. Kf1 Re6 39. Rxe6
fxe6 40. Ne3 Kd7 41. Ke2 Ke8 42. Bc3 Ra2+ 43. Kf3 Ke7 44. g4 Kf7 45. h4 Kg6 46.
h5+ Kg5 47. Kg3 Re2 48. Bg7 e5 49. Bxe5 Kh6 50. Nf5+ 1-0

[Event "Mundial Juvenil femenino 2005 s18"]
[Site "Belfort FRA"]
[Date "2005.07.24"]
[Round "6.5"]
[White "Kovanova, Baira"]
[Black "Sarquis, Maria Belen"]
[Result "1/2-1/2"]
[WhiteElo "2321"]
[BlackElo "2149"]
[PlyCount "54"]
[EventDate "2005.07.19"]
[EventType "swiss"]
[EventRounds "11"]
[EventCountry "FRA"]
[Source "lmi"]
[SourceDate "2005.07.31"]

1. e4 e5 2. Nf3 Nc6 3. Bc4 Bc5 4. d3 Nf6 5. c3 d6 6. Nbd2 Bb6 7. Bb3 Ne7 8. Nc4
Ng6 9. h3 O-O 10. Nxb6 axb6 11. O-O Qe7 12. Bg5 h6 13. Nh4 Nxh4 14. Bxh4 g5 15.
Bg3 Kh7 16. Bc2 Rg8 17. Kh1 Bd7 18. d4 Kh8 19. Qd2 Bc6 20. Qe3 Rg6 21. c4 Nh5
22. Qf3 Nf4 23. Bxf4 gxf4 24. dxe5 dxe5 25. Kh2 Rag8 26. Rg1 Qc5 27. Rae1 R8g7
1/2-1/2

[Event "Mundial Juvenil femenino 2005 s18"]
[Site "Belfort FRA"]
[Date "2005.07.24"]
[Round "6.6"]
[White "Kulovana, Eva"]
[Black "Szczepkowska, Karina"]
[Result "0-1"]
[WhiteElo "2137"]
[BlackElo "2245"]
[PlyCount "102"]
[EventDate "2005.07.19"]
[EventType "swiss"]
[EventRounds "11"]
[EventCountry "FRA"]
[Source "lmi"]
[SourceDate "2005.07.31"]

1. e4 e5 2. Nf3 Nc6 3. Bb5 a6 4. Ba4 Nf6 5. O-O b5 6. Bb3 Be7 7. Re1 O-O 8. d4
d6 9. c3 h6 10. Nbd2 Re8 11. Nf1 Bf8 12. Ng3 Bg4 13. d5 Ne7 14. h3 Bd7 15. a4
g6 16. Be3 Bg7 17. axb5 axb5 18. Qd3 Rb8 19. Ra7 Rf8 20. Nd2 Ne8 21. Ne2 f5 22.
f3 f4 23. Bf2 Bf6 24. Rea1 Nc8 25. Ra8 Rxa8 26. Rxa8 Bh4 27. c4 Bxf2+ 28. Kxf2
Qh4+ 29. Kf1 Nf6 30. Qb1 Nh5 31. Qe1 Qf6 32. Nb1 Ng7 33. Qa5 Ne8 34. cxb5 h5
35. Na3 g5 36. Qd2 g4 37. hxg4 hxg4 38. Ng1 g3 39. Ke1 Kg7 40. Qd3 Rh8 41. Qf1
Rh1 42. Nb1 Qh4 43. Nc3 Qh2 44. Nce2 Bxb5 45. Rxc8 Bxe2 46. Nxe2 Qxg2 47. Qxh1
Qxh1+ 48. Kd2 Qxf3 49. Ba4 Nf6 50. Rxc7+ Kg6 51. Bc2 g2 0-1

[Event "Mundial Juvenil femenino 2005 s18"]
[Site "Belfort FRA"]
[Date "2005.07.24"]
[Round "6.8"]
[White "Markantonaki, Haritomeni"]
[Black "Majdan, Joanna"]
[Result "0-1"]
[WhiteElo "2115"]
[BlackElo "2219"]
[PlyCount "124"]
[EventDate "2005.07.19"]
[EventType "swiss"]
[EventRounds "11"]
[EventCountry "FRA"]
[Source "lmi"]
[SourceDate "2005.07.31"]

1. e4 c5 2. Nf3 Nc6 3. d4 cxd4 4. Nxd4 Nf6 5. Nc3 d6 6. Nb3 e5 7. Be2 Be7 8.
O-O a5 9. a4 O-O 10. Be3 Be6 11. f3 Nb4 12. Nb5 Rc8 13. c3 Na6 14. Bf2 d5 15.
Na7 Ra8 16. Bxa6 bxa6 17. Nc6 Qc7 18. Nxe7+ Qxe7 19. Bc5 Qb7 20. Bxf8 Rxf8 21.
Kh1 Qb6 22. Nd2 Qxb2 23. Rc1 Rc8 24. Qe1 h6 25. exd5 Nxd5 26. c4 Nf4 27. Rb1
Qa2 28. Ra1 Qc2 29. Qc1 Rxc4 30. g3 Nd3 31. Qd1 Bh3 32. Qxc2 Rxc2 33. Rfd1 Nf2+
34. Kg1 Nxd1 35. Rxd1 Bd7 36. Nb3 Bxa4 37. Rd8+ Kh7 38. Nxa5 Bb5 39. Nb7 Rc3
40. Nd6 Rxf3 41. Nxb5 axb5 42. Rd5 Rb3 43. Rxe5 Rb1+ 44. Kg2 Rb2+ 45. Kh3 Kg6
46. g4 b4 47. Rb5 b3 48. Kg3 Kf6 49. Rb6+ Ke5 50. Rb7 Rb1 51. Kg2 Kd4 52. Rxf7
Rc1 53. Rb7 Kc3 54. Rc7+ Kd2 55. Rb7 Kc2 56. Rc7+ Kb1 57. Rxg7 b2 58. h4 Rc2+
59. Kg3 Rc3+ 60. Kf4 Kc2 61. Rb7 Rb3 62. Rc7+ Kd2 0-1

[Event "Mundial Juvenil femenino 2005 s18"]
[Site "Belfort FRA"]
[Date "2005.07.24"]
[Round "6.9"]
[White "Raeva, Elitsa"]
[Black "Stefan, Elisabeta-Elena"]
[Result "1-0"]
[WhiteElo "2191"]
[BlackElo "2105"]
[PlyCount "97"]
[EventDate "2005.07.19"]
[EventType "swiss"]
[EventRounds "11"]
[EventCountry "FRA"]
[Source "lmi"]
[SourceDate "2005.07.31"]

1. d4 f5 2. Bg5 g6 3. h4 Bg7 4. e3 Nh6 5. Bd3 Nf7 6. Nf3 d5 7. Nbd2 c6 8. c4
Qb6 9. Qc2 Nd7 10. Rc1 e6 11. Bf4 Nf6 12. Ne5 Ne4 13. Bxe4 fxe4 14. Nxf7 Kxf7
15. h5 Bd7 16. f3 e5 17. dxe5 Bf5 18. fxe4 dxe4 19. O-O Rhe8 20. c5 Qa6 21. Nc4
Kg8 22. Rcd1 Bg4 23. Nd6 Re6 24. Qb3 gxh5 25. Nxe4 Qb5 26. Qxb5 cxb5 27. Rd7 b6
28. Rb7 bxc5 29. Nxc5 Rc6 30. Ne4 a6 31. Bg3 Rf8 32. Rxf8+ Kxf8 33. Rb8+ Kf7
34. Rb7+ Kg6 35. Ra7 h4 36. Bf4 h6 37. Nd6 Bf8 38. Ne8 Bf5 39. Nf6 Bc5 40. Rh7
h5 41. Rxh5 Bd3 42. Rxh4 Bb4 43. Nd5 Rc1+ 44. Kh2 Be1 45. Rh6+ Kg7 46. Rxa6 Rc2
47. e6 Be4 48. Be5+ Kg8 49. Nf6+ 1-0

[Event "Mundial Juvenil femenino 2005 s18"]
[Site "Belfort FRA"]
[Date "2005.07.24"]
[Round "6.10"]
[White "Melia, Salome"]
[Black "Mar, Karmen"]
[Result "1-0"]
[WhiteElo "2305"]
[BlackElo "2134"]
[PlyCount "83"]
[EventDate "2005.07.19"]
[EventType "swiss"]
[EventRounds "11"]
[EventCountry "FRA"]
[Source "lmi"]
[SourceDate "2005.07.31"]

1. e4 c5 2. Nf3 d6 3. d4 cxd4 4. Nxd4 Nf6 5. Nc3 e6 6. Be3 Be7 7. f3 Nc6 8. Qd2
a6 9. O-O-O O-O 10. g4 Nxd4 11. Bxd4 b5 12. h4 Qa5 13. Kb1 b4 14. Ne2 e5 15.
Be3 Be6 16. Nc1 Rfd8 17. g5 Ne8 18. Qf2 Rab8 19. Nb3 Bxb3 20. cxb3 d5 21. Rxd5
Rxd5 22. exd5 Qxd5 23. Bc4 Qc6 24. Rc1 Qg6+ 25. Ka1 a5 26. f4 Nd6 27. fxe5 Nxc4
28. bxc4 b3 29. Bc5 Bxc5 30. Qxc5 bxa2 31. Qd6 Rc8 32. c5 a4 33. c6 a3 34. c7
axb2+ 35. Kxb2 h6 36. Qxg6 fxg6 37. e6 Kf8 38. Kxa2 Ke7 39. Rc6 hxg5 40. hxg5
Rxc7 41. Rxc7+ Kxe6 42. Rc5 1-0

[Event "Mundial Juvenil femenino 2005 s18"]
[Site "Belfort FRA"]
[Date "2005.07.24"]
[Round "6.11"]
[White "Hoang, Thi Bao Tram"]
[Black "Estrada Gaspar, Nelly"]
[Result "1-0"]
[WhiteElo "2267"]
[BlackElo "1994"]
[PlyCount "59"]
[EventDate "2005.07.19"]
[EventType "swiss"]
[EventRounds "11"]
[EventCountry "FRA"]
[Source "lmi"]
[SourceDate "2005.07.31"]

1. e4 e5 2. Nf3 Nf6 3. Nxe5 d6 4. Nf3 Nxe4 5. d4 d5 6. Bd3 Nc6 7. O-O Be7 8. c4
Nf6 9. h3 O-O 10. Nc3 Nb4 11. Be2 Bf5 12. Bg5 Re8 13. a3 Nc6 14. Bxf6 Bxf6 15.
cxd5 Ne7 16. Bc4 Bg6 17. Ne5 a6 18. Re1 Nf5 19. Qg4 c5 20. Nxg6 Nh6 21. Qf4
cxd4 22. Rxe8+ Qxe8 23. Ne4 hxg6 24. Nxf6+ gxf6 25. Qxh6 Rc8 26. Bd3 f5 27. Qf4
Qa4 28. Rc1 Rd8 29. Bxf5 gxf5 30. Qg5+ 1-0

[Event "Mundial Juvenil femenino 2005 s18"]
[Site "Belfort FRA"]
[Date "2005.07.24"]
[Round "6.12"]
[White "Dauletova, Gulmira"]
[Black "Vega Gutierrez, Sabrina"]
[Result "1/2-1/2"]
[WhiteElo "2122"]
[BlackElo "2262"]
[PlyCount "76"]
[EventDate "2005.07.19"]
[EventType "swiss"]
[EventRounds "11"]
[EventCountry "FRA"]
[Source "lmi"]
[SourceDate "2005.07.31"]

1. e4 c5 2. Nf3 Nc6 3. d4 cxd4 4. Nxd4 Nf6 5. Nc3 e5 6. Ndb5 d6 7. Nd5 Nxd5 8.
exd5 Nb8 9. c4 Be7 10. Bd3 a6 11. Nc3 O-O 12. O-O f5 13. f3 Nd7 14. Kh1 Bg5 15.
b4 a5 16. a3 axb4 17. Bxg5 Qxg5 18. axb4 Rxa1 19. Qxa1 Qe3 20. Be2 b5 21. Qc1
Qxc1 22. Rxc1 bxc4 23. Nb5 Nb6 24. Nxd6 Bd7 25. Bxc4 Nxc4 26. Rxc4 e4 27. fxe4
fxe4 28. Kg1 e3 29. Re4 Rb8 30. Rxe3 Rb6 31. Nc4 Rxb4 32. Ne5 Bb5 33. Rc3 h6
34. d6 Rd4 35. Rc8+ Kh7 36. d7 Bxd7 37. Rd8 Rd1+ 38. Kf2 Ba4 1/2-1/2

[Event "Mundial Juvenil femenino 2005 s18"]
[Site "Belfort FRA"]
[Date "2005.07.24"]
[Round "6.13"]
[White "Gilbert, Jessie"]
[Black "Kanzler, Karina Daniela"]
[Result "1-0"]
[WhiteElo "2151"]
[BlackElo "1599"]
[PlyCount "81"]
[EventDate "2005.07.19"]
[EventType "swiss"]
[EventRounds "11"]
[EventCountry "FRA"]
[Source "lmi"]
[SourceDate "2005.07.31"]

1. d4 c6 2. c4 d5 3. e3 Bf5 4. cxd5 cxd5 5. Qb3 Qc7 6. Nc3 e6 7. Bd2 a6 8. Rc1
Nc6 9. Na4 Bd6 10. Nc5 Rb8 11. Qa4 Bxc5 12. Rxc5 Nge7 13. Nf3 O-O 14. Be2 f6
15. O-O Be4 16. Rfc1 Rbc8 17. b4 Qd8 18. b5 axb5 19. Qxb5 Rb8 20. Ne1 Qe8 21.
Nd3 g5 22. Nb4 Nxb4 23. Bxb4 Nc6 24. Ba3 Qf7 25. Qb3 e5 26. Rb5 Rfd8 27. Rxc6
exd4 28. exd4 Kh8 29. Rcb6 Rd7 30. f3 Bf5 31. Bd3 Qe8 32. Kf2 Bxd3 33. Qxd3 Qf7
34. Qf5 Ra8 35. Rxf6 Qg7 36. Rf8+ Rxf8 37. Qxf8+ Qxf8 38. Bxf8 Kg8 39. Bc5 Kf7
40. Rb6 Kg7 41. Bd6 1-0

[Event "Mundial Juvenil femenino 2005 s18"]
[Site "Belfort FRA"]
[Date "2005.07.24"]
[Round "6.14"]
[White "Choisy, Mathilde"]
[Black "Savurko, Alexandra"]
[Result "0-1"]
[WhiteElo "2113"]
[BlackElo "2138"]
[PlyCount "44"]
[EventDate "2005.07.19"]
[EventType "swiss"]
[EventRounds "11"]
[EventCountry "FRA"]
[Source "lmi"]
[SourceDate "2005.07.31"]

1. e4 e6 2. d4 d5 3. Nc3 dxe4 4. Nxe4 Qd5 5. Bd3 Nf6 6. Nxf6+ gxf6 7. Nf3 Nc6
8. c3 Bd7 9. O-O O-O-O 10. b4 Qh5 11. b5 Ne7 12. c4 Rg8 13. Re1 e5 14. Be3 Bg4
15. Be2 Nf5 16. Kh1 Nxe3 17. fxe3 Bd6 18. c5 Bxc5 19. Qa4 exd4 20. exd4 Bd6 21.
Ne5 fxe5 22. dxe5 Bxe2 0-1

[Event "Mundial Juvenil femenino 2005 s18"]
[Site "Belfort FRA"]
[Date "2005.07.24"]
[Round "6.15"]
[White "Guichard, Pauline"]
[Black "Cochet, Caroline"]
[Result "1/2-1/2"]
[WhiteElo "2103"]
[BlackElo "2136"]
[PlyCount "59"]
[EventDate "2005.07.19"]
[EventType "swiss"]
[EventRounds "11"]
[EventCountry "FRA"]
[Source "lmi"]
[SourceDate "2005.07.31"]

1. g3 Nf6 2. d4 c5 3. c3 cxd4 4. cxd4 d5 5. Nc3 g6 6. Bg2 Bg7 7. Nf3 O-O 8. O-O
Nc6 9. e3 Bf5 10. h3 h5 11. Bd2 Ne4 12. Nh4 Nxc3 13. Bxc3 Bc8 14. Rc1 e6 15.
Qb3 g5 16. Nf3 g4 17. Nd2 gxh3 18. Bxh3 h4 19. Nf3 hxg3 20. fxg3 Na5 21. Bxa5
Qxa5 22. a3 Rb8 23. Qc3 Qxc3 24. Rxc3 Bh8 25. Kf2 e5 26. Bxc8 exd4 27. Nxd4
Rfxc8 28. Rfc1 Rxc3 29. Rxc3 Re8 30. Nf5 1/2-1/2

[Event "Mundial Juvenil femenino 2005 s18"]
[Site "Belfort FRA"]
[Date "2005.07.24"]
[Round "6.16"]
[White "Bolon, Karelle"]
[Black "Vinuthna, N."]
[Result "0-1"]
[WhiteElo "2064"]
[BlackElo "2268"]
[PlyCount "94"]
[EventDate "2005.07.19"]
[EventType "swiss"]
[EventRounds "11"]
[EventCountry "FRA"]
[Source "lmi"]
[SourceDate "2005.07.31"]

1. e4 g6 2. d4 Bg7 3. Nc3 d6 4. f4 a6 5. Nf3 b5 6. Bd3 Nd7 7. e5 e6 8. O-O Ne7
9. a4 b4 10. Ne4 d5 11. Neg5 h6 12. Nh3 a5 13. Qe2 c5 14. Bb5 c4 15. b3 cxb3
16. cxb3 Qb6 17. Be3 Ba6 18. Rfc1 O-O 19. Bxa6 Rxa6 20. Rc2 Raa8 21. Rac1 Rfc8
22. Rxc8+ Rxc8 23. Rxc8+ Nxc8 24. Qc2 Ne7 25. Nh4 Bf8 26. g4 Qc6 27. Qxc6 Nxc6
28. f5 exf5 29. gxf5 g5 30. Ng2 f6 31. e6 Nb6 32. Bf2 Nxa4 33. Ne1 Nc3 34. Nf3
Ne7 35. Ne5 a4 36. bxa4 b3 37. Nd3 Nxa4 38. Kf1 Nxf5 39. Ke2 b2 40. Nxb2 Nxb2
41. Kd2 Nc4+ 42. Kc3 Ng7 43. Kb3 Nxe6 44. Ka4 f5 45. Kb5 f4 46. Kc6 Ne3 47. Ng1
Nxd4+ 0-1

[Event "Mundial Juvenil femenino 2005 s18"]
[Site "Belfort FRA"]
[Date "2005.07.24"]
[Round "6.17"]
[White "Swaminathan, Soumya"]
[Black "Franco, Beatriz"]
[Result "1-0"]
[WhiteElo "2166"]
[BlackElo "2054"]
[PlyCount "131"]
[EventDate "2005.07.19"]
[EventType "swiss"]
[EventRounds "11"]
[EventCountry "FRA"]
[Source "lmi"]
[SourceDate "2005.07.31"]

1. e4 e5 2. Nf3 Nc6 3. Bb5 a6 4. Ba4 Nf6 5. O-O b5 6. Bb3 Be7 7. Re1 d6 8. c3
O-O 9. h3 Re8 10. Ng5 Rf8 11. d4 h6 12. Nf3 Re8 13. Nbd2 Bf8 14. Nf1 g6 15. Ng3
Qe7 16. a4 Bb7 17. Bc2 Bg7 18. Qe2 bxa4 19. Bxa4 Reb8 20. Bxc6 Bxc6 21. Rxa6
Rxa6 22. Qxa6 Bb5 23. Qa7 Rd8 24. d5 Rc8 25. Be3 Qd8 26. Ra1 c6 27. Qa5 Qe8 28.
Qb4 cxd5 29. exd5 Bf8 30. Qh4 Nxd5 31. Bxh6 Rc4 32. Qg5 Rf4 33. Bxf8 Qxf8 34.
Nh2 Nf6 35. Ng4 Nh7 36. Qh6 Qd8 37. Re1 Be8 38. Ne2 Ra4 39. Qd2 Qb6 40. b3 Ra6
41. Rb1 f5 42. Ne3 Bf7 43. c4 Nf6 44. Nc3 Qa7 45. Nxf5 Qd7 46. Nh6+ Kg7 47.
Nxf7 Qxf7 48. Qe2 Rc6 49. Ra1 Nh5 50. Qe4 Rc7 51. Nb5 Rd7 52. Qc6 Qe7 53. Qxd7
Qxd7 54. Ra7 Qxa7 55. Nxa7 Nf4 56. Nb5 Ne2+ 57. Kf1 Nc1 58. b4 Nd3 59. Nxd6
Nxb4 60. Ke2 Kf6 61. Ne4+ Ke6 62. Kf3 Nd3 63. Kg4 Nb2 64. Kg5 Kf7 65. c5 Na4
66. g4 1-0

[Event "Mundial Juvenil femenino 2005 s18"]
[Site "Belfort FRA"]
[Date "2005.07.24"]
[Round "6.18"]
[White "Berke, Ana"]
[Black "Martirosyan, Lia"]
[Result "0-1"]
[WhiteElo "2037"]
[BlackElo "2120"]
[PlyCount "130"]
[EventDate "2005.07.19"]
[EventType "swiss"]
[EventRounds "11"]
[EventCountry "FRA"]
[Source "lmi"]
[SourceDate "2005.07.31"]

1. e4 c6 2. d4 d5 3. Nd2 dxe4 4. Nxe4 Bf5 5. Nc5 Qc7 6. Nf3 e6 7. Nd3 Nd7 8. g3
Ngf6 9. Bg2 Bd6 10. O-O O-O 11. Qe2 c5 12. c3 Rac8 13. Rd1 Bg4 14. Bf4 Bxf4 15.
Nxf4 cxd4 16. cxd4 Qa5 17. h3 Bf5 18. g4 Be4 19. Ne5 Rc2 20. Qe3 Bxg2 21. Nxd7
Nxd7 22. Kxg2 Rxb2 23. d5 e5 24. Nd3 Qxd5+ 25. Kg1 Rb6 26. Rac1 Qe6 27. Rc7 Qd6
28. Rdc1 Qd5 29. Rd1 Qd6 30. Rdc1 f6 31. a4 Rb3 32. Rxd7 Qxd7 33. Nc5 Rxe3 34.
Nxd7 Rb3 35. Nxf8 Kxf8 36. Rc7 a5 37. Kg2 b6 38. Rb7 h6 39. Ra7 g6 40. Rb7 f5
41. Rc7 fxg4 42. hxg4 Rb4 43. g5 hxg5 44. Rc6 Kf7 45. Kg3 Kg7 46. f3 Kh6 47.
Re6 Rxa4 48. Rxb6 g4 49. Rb5 gxf3 50. Rxe5 Ra3 51. Rb5 a4 52. Ra5 g5 53. Ra6+
Kh5 54. Ra5 f2+ 55. Kxf2 Kg4 56. Rc5 Ra2+ 57. Kg1 a3 58. Rc4+ Kg3 59. Rc3+ Kh4
60. Rc8 g4 61. Rc4 Kh3 62. Rc3+ g3 63. Rc1 Rg2+ 64. Kh1 a2 65. Ra1 Rb2 0-1

[Event "Mundial Juvenil femenino 2005 s18"]
[Site "Belfort FRA"]
[Date "2005.07.26"]
[Round "7.1"]
[White "Batkhuyag, Munguntuul"]
[Black "Zawadzka, Jolanta"]
[Result "1/2-1/2"]
[WhiteElo "2391"]
[BlackElo "2402"]
[PlyCount "94"]
[EventDate "2005.07.19"]
[EventType "swiss"]
[EventRounds "11"]
[EventCountry "FRA"]
[Source "lmi"]
[SourceDate "2005.07.31"]

1. e4 e5 2. Nf3 Nc6 3. Bb5 a6 4. Ba4 Nf6 5. O-O b5 6. Bb3 Bc5 7. a4 Bb7 8. c3
d6 9. d4 Bb6 10. Re1 O-O 11. axb5 axb5 12. Rxa8 Bxa8 13. Na3 exd4 14. cxd4 Na5
15. Bg5 Re8 16. Bd5 c6 17. Ba2 b4 18. Nc4 Nxc4 19. Bxc4 h6 20. Bxf6 Qxf6 21. e5
dxe5 22. Nxe5 Re7 23. Nxf7 Kf8 24. Rxe7 Kxe7 25. Qe2+ Kd7 26. Ne5+ Kc7 27. Qg4
Bb7 28. Qd7+ Kb8 29. Qe8+ Kc7 30. Qd7+ Kb8 31. h3 Qf4 32. Qd6+ Ka8 33. Qxb4
Qxd4 34. Nd3 g5 35. Qc3 Qe4 36. Qe5 Qxe5 37. Nxe5 h5 38. Be6 Bd4 39. Nc4 Ba6
40. b3 Bxc4 41. Bxc4 h4 42. Bf7 Kb7 43. Kf1 Kc7 44. Ke2 Kd6 45. Kf3 Ke5 46. g3
hxg3 47. Kxg3 Kf6 1/2-1/2